7 visiones de la educación de adultos /
Uloženo v:
| Hlavní autor: | |
|---|---|
| Další autoři: | , , , , , , |
| Médium: | Neznámo |
| Jazyk: | Spanish |
| Vydáno: |
Pátzcuaro, México:
Centro Regional de Educación de Adultos y Alfabetización Funcional para América Latina, CREFAL
1980
|
| Edice: | Retablo de Papel
|
| Témata: | |
| Tagy: |
Přidat tag
Žádné tagy, Buďte první, kdo vytvoří štítek k tomuto záznamu!
|
MARC
| LEADER | 00000 a2200000 04500 | ||
|---|---|---|---|
| 001 | 48266 | ||
| 003 | cru CIDCACS/IIS | ||
| 005 | 20210617090900.0 | ||
| 008 | 050602s1980 mx # spa d | ||
| 040 | |c cru CIDCACS/IIS | ||
| 090 | |a 06.03.04 V831v | ||
| 100 | |a Ayzanoa, Gerardo | ||
| 245 | |a 7 visiones de la educación de adultos / |c Gerardo Ayzanoa, et. al | ||
| 260 | |a Pátzcuaro, México: |b Centro Regional de Educación de Adultos y Alfabetización Funcional para América Latina, CREFAL |c 1980 | ||
| 300 | |a 208 páginas |b Sin ilust. | ||
| 440 | |a Retablo de Papel |n 1 | ||
| 500 | |a Colección ALFORJA | ||
| 505 | |a Ensayos presentados en el Segundo Seminario de Educación Integrada de Adultos, Páscuaro, Michoacán, México, octubre 197 | ||
| 650 | |a EDUCACION | ||
| 650 | |2 Macrothesauro de la OCDE/ | ||
| 650 | |a DESARROLLO SOCIAL | ||
| 650 | |2 Macrothesauro de la OCDE/ | ||
| 650 | |a EDUCACION DE ADULTOS | ||
| 650 | |2 Macrothesauro de la OCDE/ | ||
| 650 | |a DESARROLLO RURAL | ||
| 650 | |2 Macrothesauro de la OCDE/ | ||
| 650 | |a COMUNICACION | ||
| 650 | |2 Macrothesauro de la OCDE/ | ||
| 650 | |a DESARROLLO DE LA EDUCACION | ||
| 650 | |2 Macrothesauro de la OCDE/ | ||
| 650 | |a ENSEÑANZA A DISTANCIA | ||
| 650 | |2 Macrothesauro de la OCDE/ | ||
| 650 | |a UNIVERSIDADES | ||
| 650 | |2 Macrothesauro de la OCDE/ | ||
| 650 | |a DESARROLLO CULTURAL | ||
| 650 | |2 Macrothesauro de la OCDE/ | ||
| 650 | |a EDUCACION SUPERIOR | ||
| 650 | |2 Macrothesauro de la OCDE/ | ||
| 650 | |a CULTURA | ||
| 650 | |2 Macrothesauro de la OCDE/ | ||
| 650 | |a CIENCIA | ||
| 650 | |2 Macrothesauro de la OCDE/ | ||
| 651 | |a América Latina | ||
| 700 | |a Chong, Juan; | ||
| 700 | |a Adam, Felix; | ||
| 700 | |a Gutiérrez Pérez, Francisco; | ||
| 700 | |a Cirigliano, Gustavo; | ||
| 700 | |a Chiappo, Leopoldo; | ||
| 700 | |a Pinto, Joao Bosco; | ||
| 700 | |a Lampe J., Aline; | ||
| 942 | |2 ddc |c LI | ||
| 999 | |c 14058 |d 14058 | ||
